000
00273nam a2200109Ia 4500
008
190216s9999||||xx |||||||||||||| ||und||
100
_a
Francis D Costa
245
0
_a
Management Theory And Practice
260
_b
Allied Publishers Limited
_c
1979
300
_a
147p
942
_c
BK
999
_c
4480
_d
4480